<?xml version="1.0" encoding="UTF-8"?>
<record
    xmlns:xsi="http://www.w3.org/2001/XMLSchema-instance"
    xsi:schemaLocation="http://www.loc.gov/MARC21/slim http://www.loc.gov/standards/marcxml/schema/MARC21slim.xsd"
    xmlns="http://www.loc.gov/MARC21/slim">

  <leader>01037nam a22002297a 4500</leader>
  <controlfield tag="005">20220519142639.0</controlfield>
  <controlfield tag="008">220519b           mx ||||| |||| 00| 0 spa d</controlfield>
  <datafield tag="020" ind1=" " ind2=" ">
    <subfield code="a">9788492820696</subfield>
  </datafield>
  <datafield tag="050" ind1="0" ind2="4">
    <subfield code="a">HC240.9.C6</subfield>
    <subfield code="b">C37 2012</subfield>
  </datafield>
  <datafield tag="100" ind1="1" ind2=" ">
    <subfield code="a">Carmagnani, Marcello.</subfield>
  </datafield>
  <datafield tag="245" ind1="1" ind2="0">
    <subfield code="a">Las islas del lujo : </subfield>
    <subfield code="b">productos ex&#xF3;ticos, nuevos consumos y cultura econ&#xF3;mica europea, 1650-1800</subfield>
    <subfield code="c">/ Marcello Carmagnani ; traducci&#xF3;n Vito Ciao y Esther Llorente Isidro.</subfield>
  </datafield>
  <datafield tag="250" ind1=" " ind2=" ">
    <subfield code="a">1a ed. </subfield>
  </datafield>
  <datafield tag="260" ind1=" " ind2=" ">
    <subfield code="a">M&#xE9;xico, D.F. : </subfield>
    <subfield code="b">El Colegio de M&#xE9;xico, </subfield>
    <subfield code="a">Madrid, Espa&#xF1;a : </subfield>
    <subfield code="b">Marcial Pons, </subfield>
    <subfield code="c">2012.</subfield>
  </datafield>
  <datafield tag="300" ind1=" " ind2=" ">
    <subfield code="a">307 p. ; </subfield>
    <subfield code="b">map ; </subfield>
    <subfield code="c">23 cm.</subfield>
  </datafield>
  <datafield tag="490" ind1=" " ind2=" ">
    <subfield code="a">Ambos mundos</subfield>
  </datafield>
  <datafield tag="500" ind1=" " ind2=" ">
    <subfield code="a">Titulo original : Le isole del lusso. Prodotti esotici, nuovi consumi e cultura economica europea, 1650-1800. Universidad de Tur&#xED;n 2010. </subfield>
  </datafield>
  <datafield tag="650" ind1=" " ind2="7">
    <subfield code="2">Lemb </subfield>
    <subfield code="a">Comercio </subfield>
    <subfield code="y">Siglos XVII-XVIII.</subfield>
    <subfield code="z">Europa</subfield>
  </datafield>
  <datafield tag="651" ind1=" " ind2="7">
    <subfield code="2">Lemb </subfield>
    <subfield code="a">Europa</subfield>
    <subfield code="x">Condiciones econ&#xF3;micas </subfield>
    <subfield code="y">1650-1800.</subfield>
  </datafield>
  <datafield tag="700" ind1="1" ind2=" ">
    <subfield code="a">Ciao, Vito</subfield>
    <subfield code="e">traducci&#xF3;n.</subfield>
  </datafield>
  <datafield tag="700" ind1="1" ind2=" ">
    <subfield code="a">Llorente Isidro, Esther,</subfield>
    <subfield code="e">traducci&#xF3;n.</subfield>
  </datafield>
  <datafield tag="942" ind1=" " ind2=" ">
    <subfield code="2">lcc</subfield>
    <subfield code="c">LIB</subfield>
  </datafield>
  <datafield tag="999" ind1=" " ind2=" ">
    <subfield code="c">162121</subfield>
    <subfield code="d">162119</subfield>
  </datafield>
  <datafield tag="952" ind1=" " ind2=" ">
    <subfield code="1">0</subfield>
    <subfield code="2">lcc</subfield>
    <subfield code="4">0</subfield>
    <subfield code="7">0</subfield>
    <subfield code="a">INV-033</subfield>
    <subfield code="b">INV-033</subfield>
    <subfield code="c">GENERAL</subfield>
    <subfield code="d">2022-05-19</subfield>
    <subfield code="e">DON</subfield>
    <subfield code="f">1a ed. </subfield>
    <subfield code="k">CSA</subfield>
    <subfield code="l">1</subfield>
    <subfield code="o">HC240.9.C6 C37 2012</subfield>
    <subfield code="p">IIH000032907</subfield>
    <subfield code="r">2026-02-06 13:52:37</subfield>
    <subfield code="s">2026-02-06</subfield>
    <subfield code="t">C:1</subfield>
    <subfield code="v">1.00</subfield>
    <subfield code="y">LIB</subfield>
  </datafield>
</record>
